| 000 | 00624nmm a2200169Ia 4500 | ||
|---|---|---|---|
| 008 | 251105s9999||||xx |||||||||||||||||und|| | ||
| 020 | _a9788498303094 | ||
| 041 | _aeng | ||
| 100 | _aMaría Luz Suárez Castiñeira, Alexandre Gaiferos Parrado Freire | ||
| 245 | 4 |
_aThe Integration of Regional or Minority Languages in the European Higher Education Area : _b Galician as a Case Study |
|
| 264 |
_a[Madrid, España] : _bUniversidad de Deusto, _c2011 |
||
| 300 | _a100 páginas | ||
| 490 | _aVerde - Serie Letras | ||
| 650 | _aHistory of language | ||
| 856 | _uhttps://public.digitaliapublishing.com/a/17519 | ||
| 942 | _cCF | ||
| 999 |
_c91586 _d91586 |
||